Ekonomické znalosti pro tržní praxi mezinárodní vědecká konference, Olomouc 13.9.2007
Salvato in:
| Enti autori: | , |
|---|---|
| Altri autori: | |
| Natura: | Libro |
| Lingua: | ceco slovacco inglese |
| Pubblicazione: |
Olomouc
Lešingrová Romana
2007
|
| Soggetti: | |
| Tags: |
Nessun Tag, puoi essere il primo ad aggiungerne!!
|
MARC
| LEADER | 00000nlm$a2200000$$$4500 | ||
|---|---|---|---|
| 001 | 0066872 | ||
| 005 | 20240109070333.2 | ||
| 020 | |a 978-80-903808-8-2 | ||
| 041 | 0 | |a cze | |
| 041 | 0 | |a slo | |
| 041 | 0 | |a eng | |
| 245 | 1 | 0 | |a Ekonomické znalosti pro tržní praxi |b mezinárodní vědecká konference, Olomouc 13.9.2007 |c editor Jaroslava Kubátová |
| 264 | 1 | |a Olomouc |b Lešingrová Romana |c 2007 | |
| 300 | |a CD-ROM | ||
| 610 | 2 | 0 | |a ekonómia |
| 610 | 2 | 0 | |a trh |
| 610 | 2 | 0 | |a manažment |
| 610 | 2 | 0 | |a marketing |
| 610 | 2 | 0 | |a financie |
| 610 | 2 | 0 | |a rast hospodársky |
| 610 | 2 | 0 | |a príprava na povolanie |
| 610 | 2 | 0 | |a práca personálna |
| 700 | 1 | |a Kubátová, Jaroslava | |
| 110 | 2 | |a Ekonomické znalosti pro tržní praxi. Mezinárodní vědecká konference | |
| 710 | 2 | |a Filozofická fakulta Univerzity Palackého v Olomouci. Katedra aplikované ekonomie | |